| 000 | 00678nam a22002177a 4500 | ||
|---|---|---|---|
| 003 | KOHA_MİRAKIL | ||
| 005 | 20260414071116.0 | ||
| 008 | 260414b tu ||||| |||| 00| 0 tur d | ||
| 040 |
_aTR-AnABB _btur _cTR-AnABB |
||
| 041 | _atur | ||
| 082 |
_a338.9561 _bEKI 1967 |
||
| 100 | 1 | _aEkinci, Tarık Ziya | |
| 245 | 1 | 0 |
_aDoğu dramı / _cTarık Ziya Ekinci |
| 246 | _aDoğu bölgesinin sorunları ve ikinci beş yıllık kalkınma planı | ||
| 260 |
_aAnkara : _b[yayl. y.] , _c1967 |
||
| 300 |
_a80 sayfa ; _c20 cm |
||
| 490 | 0 |
_aTürkiye İşçi Partisi Mecliste ; _v5 |
|
| 650 | 0 | 4 | _aEkonomik politika |
| 650 | 0 | 4 | _aEkonomik politika |
| 942 |
_2ddc _cBK |
||
| 999 |
_c10206 _d10206 |
||
| 900 | _bCan ÇELIK | ||